[Event "ALG-ch U20"]
[Site "Tiaret"]
[Date "2019.06.28"]
[Round "6"]
[White "Amrane, Ramdane"]
[Black "Benrekia, Akram"]
[Result "0-1"]
[WhiteElo "1416"]
[BlackElo "1725"]
[PlyCount "24"]
[EventDate "2019.06.26"]
[EventType "swiss"]
[EventRounds "9"]
[EventCountry "ALG"]
[SourceTitle "EXT 2020"]
[Source "ChessBase"]
[SourceDate "2019.10.17"]
[SourceVersion "1"]
[SourceVersionDate "2019.10.17"]
[SourceQuality "1"]

1. e4 c5 2. Nf3 Nc6 3. d4 cxd4 4. Nxd4 Nf6 5. f3 e5 6. Nb3 d5 7. exd5 Nxd5 8. c4 Bb4+ 9. Kf2 Qb6+ 10. Ke2 Nf4+ 11. Bxf4 exf4 12. Qc2 Qe3+ 0-1